Every Building That Has Ever Been The Tallest Building In The World - Statistics

General Stats
  • This quiz has been taken 13 times
  • The average score is 8 of 17
Answer Stats
Record Holding Years Height(in feet) Answer % Correct
2010-2028 2,716 Burj Khalifa
100%
1931-1972 1,250 Empire State Building
100%
About 4,000 Years 450 Great Pyramid Of Giza
77%
2004-2010 1,669 Taipei 101
77%
1974-1998 1,450 Willis/Sears Tower
69%
1930-1931 1,043 Chrysler Building
62%
1998-2004 1,482 Petronas Towers
62%
1972-1974 1,368 World Trade Center
62%
2028- 3,281 Jeddah Tower
38%
1890-1894 528 Ulm Minster
38%
1913-1930 790 Woolworth Building
31%
1311-1890 522 Lincoln Cathedral
15%
1066-1311 489 Old St Pauls Cathedral
15%
1908-1909 629 Singer Building
8%
May 26-27 1930 928 40 Wall Street
0%
1909-1913 698 Metropolitan Life Tower
0%
1894-1908 548 Philadelphia City Hall
0%
No matching quizzes found
Score Distribution
Percent of People with Each Score
Percentile by Number Answered
Your Score History
You have not taken this quiz